Doktorandské štúdium na Ekonomickej univerzite v Bratislave

Na minha lista:
Detalhes bibliográficos
Formato: Livro
Idioma:eslovaco
inglês
Publicado em: Bratislava Ekonomická univerzita v Bratislave 1999
Assuntos:
Tags: Adicionar Tag
Sem tags, seja o primeiro a adicionar uma tag!

MARC

LEADER 00000nam a2200000 4500
001 c108515
005 20240104100942.1
041 0 |a slo 
041 0 |a eng 
044 |a SK 
245 1 0 |a Doktorandské štúdium na Ekonomickej univerzite v Bratislave 
264 1 |a Bratislava  |b Ekonomická univerzita v Bratislave  |c 1999 
300 |a 43 s. 
610 2 0 |a štúdium doktorandské 
610 2 0 |a školy vysoké odborné 
610 2 0 |a vzdelávanie ďalšie 
610 2 0 |a odbory študijné 
610 2 0 |a ekonómia